1970: NFL Teams with the Least Points - Statistics

General Stats
  • This quiz has been taken 7 times
  • The average score is 8 of 10
Answer Stats
Number of points NFL Team % Correct
204 Buffalo Bills
100%
210 Pittsburgh Steelers
100%
206 Atlanta Falcons
86%
253 Denver Broncos
86%
217 Houston Oilers
86%
172 New Orleans Saints
71%
255 New York Jets
71%
241 Philadelphia Eagles
71%
149 Boston Patriots
57%
196 Green Bay Packers
57%
No matching quizzes found
Score Distribution
Percent of People with Each Score
Percentile by Number Answered
Your Score History
You have not taken this quiz